000 00306nam a22001337a 4500
008 170828b xxu||||| |||| 00| 0 eng d
020 _a9780070390157
041 _aeng
080 _25 ED
_a070
100 _a39
101 _aMED
245 _aTHE ART PUBLIC SPEAKING
_cLUCAS.S.E
942 _2udc
_cBK
999 _c25190
_d25190